000 00456nam a22002057a 4500
003 UA-OsUOA
001 52130
007 ta
008 20080130b un ||||| |||| 00| 0 ukr d
090 _a32
_bЮ-40
942 _cSA
040 _aUA-OsUOA
_bukr
_cUA-OsUOA
_dUA-OsUOA
245 _aЮля євроінтегрувалася.
300 _aС.4
955 _a0
041 _aukr
080 _a32
773 0 _w52128
650 7 _a32 Політика
_2UDC
999 _c338228
_d338228